Statistiken für Österreich-Quiz#2

Klicken Sie hier um das Quiz zu spielen!

Allgemein

  • Dieses Quiz wurde 96 mal gespielt
  • Das Durchschnittsergebnis liegt bei 4 aus 15

Antwortstatistiken

FrageAntwort% Korrekt
Wichtigstes Vorkommen in der "Hallstattzeit" im Grenzgebiet des heutigen Salzburg, Oberösterreich und der SteiermarkSalz
86%
Der höchste Berg Österreich ist der ___Großglockner
75%
2015 gab es eine Flüchtlingswelle aus diesem LandSyrien
68%
Österreichisches Nationalgericht aus Kalbsfleisch ist ___Wiener Schnitzel
57%
Wie nennt man Österreich aufgrund seiner Lage zum Meer?Binnenstaat
46%
Österreichisch für HackfleischFaschiertes
37%
Österreichisches Wirtshaus im Osten, zumeist von Winzern betriebenHeuriger
26%
Wer ist der Rekordmeister der österreichischen Fußballbundesliga?SK Rapid Wien
15%
Woher kommt das Wort Österreich?Ostarrichi
11%
Das umsatzstärkste Unternehmen Österreichs 2021OMV
5%
Wie heißt das Wahrzeichen von Bregenz?Martinsturm
4%
Was ist das größte Fußballstadion Österreichs?Wörtherseestadion
2%
Was ist die längste Autobahn Österreichs?A2 - Südautobahn
0%
Ehefrau Kaiser Franz JosephsElisabeth ("Sisi")
0%
Nenne eine Landeshauptstadt ÖsterreichsWien, Sankt Pölten, Eisenstadt, Graz, Klagenfurt, Linz, Salzburg, Innsbruck, Bregenz
0%

Verteilung der Resultate

Perzentil nach korrekt beantworteten Fragen

Anzahl Personen mit jedem Resultat

Ihre Resultats-Entwicklung

Sie haben dieses Quiz noch nicht gespielt